Engineering physics / (Record no. 79398)

MARC details
000 -LEADER
fixed length control field 00588nam a22002057a 4500
005 - DATE AND TIME OF LATEST TRANSACTION
control field 20140214123335.0
010 ## - LCCN (DPL NO)
LC control number ENG-108544
020 ## - INTERNATIONAL STANDARD BOOK NUMBER
International Standard Book Number 9788120348233
Terms of availability 350.00
035 ## - SYSTEM CONTROL NUMBER
System control number EN-92077
037 ## - SOURCE OF ACQUISITION
Source of stock number/acquisition DBAD/PUB
082 ## - DEWEY DECIMAL CLASSIFICATION NUMBER
Classification number 530.2462
100 ## - MAIN ENTRY--PERSONAL NAME
Personal name Marikani, A.
245 ## - TITLE STATEMENT
Title Engineering physics /
Statement of responsibility, etc by A. Marikani
250 ## - EDITION STATEMENT
Edition statement 2nd ed
260 ## - PUBLICATION, DISTRIBUTION, ETC. (IMPRINT)
Place of publication, distribution, etc Delhi
Name of publisher, distributor, etc PHI Learning
Date of publication, distribution, etc 2013
270 ## - ADDRESS
Address Rimjhim House,111, Patparganj Industrial Estate
City Delhi
Postal code 110092
300 ## - PHYSICAL DESCRIPTION
Extent xv, 490p . :
Other physical details ill.
Dimensions 24cm(pbk)
500 ## - GENERAL NOTE
General note Includes index
942 ## - ADDED ENTRY ELEMENTS (KOHA)
Source of classification or shelving scheme Dewey Decimal Classification
Item type English Books
Call number suffix MAR
Classification part 530.2462
Holdings
Withdrawn status Lost status Not for loan Collection code Home library Current library Date acquired Source of acquisition Cost, normal purchase price Full call number Barcode Copy number Cost, replacement price Koha item type
    Not For Loan Non-fiction D.B.Act.Division D.B.Act.Division 16/09/2013 DBAD/PUB 350.00 530.2462 MAR EN-92077 1 350.00 English Books

© Delhi Public Library
Hit Counter
free hit counter